Roman Gods by Picture - Statistics

General Stats
  • This quiz has been taken 92 times
  • The average score is 8 of 15
Answer Stats
Picture Answer % Correct
Neptune
97%
Jupiter
83%
Mercury
72%
Mars
71%
Venus
61%
Cupid
59%
Diana
59%
Juno
59%
Minerva
48%
Bacchus
45%
Saturn
29%
Apollo
26%
Faunus
23%
Vulcan
22%
Sol
13%
No matching quizzes found
Score Distribution
Percent of People with Each Score
Percentile by Number Answered
Your Score History
You have not taken this quiz